Normal view
MARC view
Entry Personal Name
001 - CONTROL NUMBER
- control field: 44407
003 - CONTROL NUMBER IDENTIFIER
- control field: ARRUPE
005 - DATE AND TIME OF LATEST TRANSACTION
- control field: 20190206103109.0
008 - FIXED-LENGTH DATA ELEMENTS
- fixed length control field: 190206|| aca||aabn | a|a d
040 ## - CATALOGING SOURCE
- Original cataloging agency: ARRUPE
- Transcribing agency: ARRUPE
100 ## - HEADING--PERSONAL NAME
- Personal name: Timmel, Sally.
670 ## - SOURCE DATA FOUND
- Source citation: Work cat.: (ARRUPE)0: Hope, Anne. 44404, Training for transformation :, 1995.